El habeas corpus (Record no. 27347)

MARC details
000 -LEADER
campo de control de longitud fija 00669nam a2200205 i 4500
001 - NÚMERO DE CONTROL
campo de control 27347
003 - IDENTIFICADOR DE NÚMERO DE CONTROL
campo de control ES-MaACL
005 - FECHA Y HORA DE LA ÚLTIMA TRANSACCIÓN
campo de control 20230908063134.0
007 - CAMPO FIJO DE DESCRIPCIÓN FÍSICA--INFORMACIÓN GENERAL
campo de control de longitud fija t|
008 - DATOS DE LONGITUD FIJA--INFORMACIÓN GENERAL
campo de control de longitud fija 030114s1899 cu ||||1| spa d
080 ## - NÚMERO DE LA CLASIFICACIÓN DECIMAL UNIVERSAL
Número de la Clasificación Decimal Universal 343.125
100 1# - ENTRADA PRINCIPAL--NOMBRE DE PERSONA
Nombre de persona Arantave, Alfonso de
9 (RLIN) 22326
245 13 - MENCIÓN DEL TÍTULO
Título El habeas corpus
Resto del título : artículos publicados en la Unión Española en el mes de mayo de 1899 /
Mención de responsabilidad, etc. Alfonso de Arantave.
260 ## - PUBLICACIÓN, DISTRIBUCIÓN, ETC.
Lugar de publicación, distribución, etc. Habana :
Nombre del editor, distribuidor, etc. [s.n.],
Fecha de publicación, distribución, etc. 1899 (
Fabricante Imp. de la Moderna Poesía)
300 ## - DESCRIPCIÓN FÍSICA
Extensión 20 p. ;
Dimensiones 22 cm.
650 #4 - PUNTO DE ACCESO ADICIONAL DE MATERIA--TÉRMINO DE MATERIA
Término de materia o nombre geográfico como elemento de entrada Habeas corpus.
9 (RLIN) 146371
852 ## - LOCALIZACIÓN
Ubicación ES-MaACL
Número de control de estantería T-977-F-8
Nota libre Dedicatoria autógrafa del autor
942 ## - ELEMENTOS DE ENTRADA SECUNDARIOS (KOHA)
Fuente del sistema de clasificación o colocación Clasificación decimal universal
Holdings
Estatus retirado Estado de pérdida Fuente del sistema de clasificación o colocación Estado de daño No para préstamo Colección Biblioteca de origen Biblioteca actual Ubicación en estantería Fecha de adquisición Total de préstamos Signatura topográfica completa Código de barras Visto por última vez Precio de reemplazo Tipo de ítem Koha Nota pública
    Clasificación decimal universal     Colección de folletos Biblioteca del Ateneo de Madrid Biblioteca del Ateneo de Madrid Depósito folletos 17/01/2008   T-977-F-8 1028226 23/02/2023 23/02/2023 Folleto Dedicatoria autógrafa del autor